Normal view
MARC view
- Stenerson, Jon
Entry Personal Name
001 - CONTROL NUMBER
- control field: 109407
003 - CONTROL NUMBER IDENTIFIER
- control field: NUST
005 - DATE AND TIME OF LATEST TRANSACTION
- control field: 20230221185149.0
008 - FIXED-LENGTH DATA ELEMENTS
- fixed length control field: 230221|| aca||aabn | a|a d
040 ## - CATALOGING SOURCE
- Original cataloging agency: NUST
- Transcribing agency: NUST
100 ## - HEADING--PERSONAL NAME
- Personal name: Stenerson, Jon
670 ## - SOURCE DATA FOUND
- Source citation: Work cat.: (NUST)193634: Stenerson, Jon, Fundamentals of programmable logic controllers, sensors, and communications /, cop. 2004.
